000 00312nam a22001217a 4500
008 160428b xxu||||| |||| 00| 0 eng d
020 _a9780803616110
020 _a080316112
041 _aeng
080 _a618.2
245 _aEssentials of Psychiatric mental health nursing:
_cMary C. Townsend;
942 _2udc
_cBK
999 _c1647
_d1647